000 00806nam a2200241Ia 4500
003 GCL
008 140319s9999 xx 000 0 ara d
020 _a0056238977
040 _aGCL /
_cGCL
082 0 4 _a251.15
_bم ق
100 1 _aابى مصعب محمد سعيد البدرى
245 1 0 _aالقول المفيد فى ادالة الاجتهاد والتقليد /
_cابى مصعب محمد سعيد البدرى
700 1 _aالشوكانى , محمد بن على بن محمد
250 _aالاولى
260 _aالقاهرة :
_bدار الكتاب المصرى ،
_c1991
300 _a117 ص ؛
_c24 سم
490 _a
650 0 4 _aالافتاء
650 0 4 _aالاجتهاد
650 0 4 _aالفقه الاسلامى
650 0 4 _aالتقليد
942 _2ddc
_cBK
999 _c47442
_d47442